Morphotectonic analysis of the Hronská pahorkatina upland (northern part of the Danube Basin, Western Carpathians)

Podrobná bibliografia
Hlavný autor: Králiková, S. (Author)
Médium: Článok
Jazyk:English
Témy:
Zdroj: 1. Mineralia slovaca 1. Roč. 42, č. 2 (2010) 1. 0369-2086
2. Príl.: 2. Geovestník 2. Č. 2 (2010), s. 258-259
LEADER 01090nab#a2200337#ar4500
001 000103428
003 SVKKK
005 20101222104134.0
008 080509c2010 xo |||||||||||||||b|eng
FMT
015 |a SNBRB2010/12 
038 |a SVKKK 
040 |a SVKKK  |b slo  |e AACR2 
041 0 |a eng 
044 |a xo  |c SK 
080 |a 551.248.2  |x (234.372.3)  |2 1997 
080 |a 551.435  |2 1997 
100 1 |a Králiková, S.  |4 aut 
242 1 0 |a Morfotektonická analýza Hronskej pahorkatiny (severná časť Podunajskej panvy, Západné Karpaty) 
245 1 0 |a Morphotectonic analysis of the Hronská pahorkatina upland (northern part of the Danube Basin, Western Carpathians)  |c S. Králiková 
650 0 4 |a neotektonika  |x morfoštruktúry  |z Západné Karpaty (Slovensko) 
651 4 |a Hronská pahorkatina (Slovensko)  |x morfotektonická analýza 
773 0 |t Mineralia slovaca  |g Roč. 42, č. 2 (2010)  |x 0369-2086 
773 0 |i Príl.:  |t Geovestník  |g Č. 2 (2010), s. 258-259 
958 |a SK 
974 |a Ni 
992 |a RBX 
BAS
852 |a SVKKK  |b BIB 
EXP
998 |a GEO